000
00277nam a22001217a 4500
008
180903b xxu||||| |||| 00| 0 eng d
041
_a
eng
080
_a
621
100
_a
27
101
_a
MEK
245
_a
Handbook of Modern Electrical Wiring
_c
Traister, J
942
_2
udc
_c
BK
999
_c
47449
_d
47449